| 000 | 01139nam0a22002531 4500 | ||
|---|---|---|---|
| 001 | v19\rc\2071165 | ||
| 005 | 20250620041322.0 | ||
| 035 | _a(NLR Aleph) 005166575 | ||
| 090 |
_a5032446 _c5032446 |
||
| 100 | _a20081218d1916 |||y0rusy50 ca | ||
| 101 | 0 | _arus | |
| 102 | _aRU | ||
| 105 | _ay z ||||| | ||
| 200 | 1 |
_a[Условия приема _aПравила Курсов _aПрограмма Курсов _aОбязательные постановления о порядке движения по городу Москве автоматических экипажей (автомобилей)] _f..."Моск. школа шоферов". (Курсы автомобильной езды), учрежд. В.А. Головиным в 1910 г. ... |
|
| 210 |
_a[Москва _d[1916] |
||
| 215 | _a12 с. | ||
| 540 | 1 | _aУсловия приема | |
| 710 | 0 | 2 |
_a"Московская школа шоферов", курсы автомобильной езды _9800257 _3RU\NLR\AUTH\880566780 |
| 801 | 0 |
_aRU _bNLR _gpsbo |
|
| 801 | 1 |
_aRU _bProSoft-M _2rusmarc |
|
| 852 |
_aNLR _j37.63.9.175 |
||
| 942 | _cBOOK | ||
| 980 | _aNB | ||